000 00855nam a2200253Ia 4500
003 OSt
005 20220927104054.0
006 a|||||r|||| 00| 0
007 ta
008 220926b |||||||| |||| 00| 0 eng d
024 _a130812
037 _cReference Collections
040 _aRTL
_cRTL
_beng
041 _2eng
_aeng
082 _a"V3,3-8.N7, L8/GD"
110 _a"Great Britain, Parliamentary Commissioner for Administration (Session:1977-78)"
_9362641
245 0 _a2nd report
_b Reports of the Health Service Commission.
260 _aLondon
_bH M S O UK
_c1978
300 _a80p
_ccm.
650 _aConstitution Great Britain
_9362642
700 _a"Great Britain, Parliamentary Commissioner for Administration (Session:1977-78)"
_9362643
942 _h"V3,3-8.N7, L8/GD"
_cCC
999 _c685371
_d685371